Responses for show #7602 - Tuesday, October 3, 2017

Austin Rogers game 6.

Contestants

[<< previous game]

Ryan Hughey, a student from Indianapolis, Indiana

Amy Servat, an English teacher from Houston, Texas

Austin Rogers, a bartender from New York, New York (whose 5-day cash winnings total $188,700)

[next game >>]

Jeopardy! Round responses

LITERA-CHURCH
SILENT-LETTER VOCABULARY
OCCUPATIONS
MELLOW FELLOWS
TV
PSYCHIC JEOPARDY!
    $200 2
The Scarlet Letter

Amy
    $200 18
lamb

Ryan
    $200 1
blacksmith

Amy
    $200 10
Gandhi

Ryan
    $200 5
Scooby-Doo

Austin
    $200 25
dime

Ryan
    $400 3
(Amy: What is the Great Fire?)

the plague

AustinAmy
    $400 17
wrench (or wring)

Ryan
    $400 4
auctioneer

Ryan
    $400 11
Stephen Hawking

Amy
    $400 6
Bette Davis and Joan Crawford

Amy
    $400 26
a Yorkie (or Yorkshire terrier)

Amy
    $600 15
the archbishop

Amy
    $600 19
salmon

Austin
    $600 21
a glazier

Austin
    $600 12
Ben Franklin

Amy
    $600 7
Six Feet Under

Amy
    $600 28
Russell Wilson

Ryan
    $800 16
(Ryan: What is Pillars of Earth?)

The Pillars of the Earth

Ryan
Triple Stumper
    $3,000 20
a hymn

Austin
    $800 22
a snake charmer

Amy
    $800 13
Confucius

Amy
    $800 8
Legion

Austin
    $800 29
Jane Seymour

Amy
    $1000 27
(Ryan: What is A Man for All Seasons?)

Murder in the Cathedral

Ryan
Triple Stumper
    $1000 24
knackered

Austin
    $1000 23
an adjuster

Ryan
    $1000 14
(Alex: The Compleat Angler.)

Izaak Walton

Triple Stumper
    $1000 9
Michelle Dockery

Austin
    $1000 30
(Pete) Best

Ryan

Scores at the first commercial break (after clue 15):

Austin Amy Ryan
$2,400 $3,400 $600

Scores at the end of the Jeopardy! Round:

Austin Amy Ryan
$7,600 $5,400 $2,200

Double Jeopardy! Round responses

NATIONAL GEOGRAPHIC'S MUST SEE PLACES FOR 2017
BEFORE & AFTER
"OLD" MOVIES
IS THAT A THING?
MARS
VENUS
    $400 24
Ecuador

Amy
    $400 6
the National League of Nations

Ryan
    $400 1
The 40-Year-Old Virgin

Austin
    $400 11
(Ryan: What is a goober?)
...
(Alex: [*] Pyle.)

a gomer

AustinRyan
    $400 20
the Red Planet

Austin
    $400 27
Aphrodite

Austin
    $800 18
Georgia

Austin
    $800 7
"Gone With the Wind Beneath My Wings"

Austin
    $800 2
No Country for Old Men

Amy
    $800 12
a dinghy

Amy
    $800 26
Mariner

Austin
    $800 25
(Ryan: Who is Mercury?)

Eros (or Cupid)

AmyRyan
    $6,400 16
Seoul

Austin
    $1200 8
Jack Lord of the Rings

Amy
    $1200 3
Grumpier Old Men

Amy
    $1200 13
Kalamazoo

Amy
    $1200 21
Galileo

Austin
    $1200 22
(Alex: Botticelli.)

The Birth of Venus

Austin
    $1600 15
Papua New Guinea

Austin
    $1600 9
"This Land Is Your Land" o' Lakes

Amy
    $1600 4
Old School

Amy
    $1600 14
a lectern

Austin
    $1600 19
(Ryan: What is the Kepler belt?)

the asteroid belt

AmyRyan
    $5,400 23
Adonis

Austin
    $2000 17
Banff

Amy
    $2000 10
a Washington Post-chaise

Triple Stumper
    $2000 5
Oldboy

Ryan
    $2000 28
gaijin

Austin
    $2000 29
Mons Olympus

Austin
    $2000 30
(Ryan: Who is Aeneid?)

Aeneas

AustinRyan

Scores at the end of the Double Jeopardy! Round:

Austin Amy Ryan
$35,000 $18,600 -$200

[wagering suggestions for these scores]

Final Jeopardy! Round responses

20th CENTURY WORLD LEADERS
(Alex: The speaker was referring to a system that had existed for quite some time in the southern part of Africa.)
...
(Alex: [To Austin] He was referring to apartheid in South Africa.)
AmyWho is Churchill?
$18,600
AustinWho is Nelson Mandela?
$34,000
Nelson Mandela

Final scores:

Austin Amy Ryan
$69,000 $0 -$200
6-day champion: $257,700 2nd place: $2,000 3rd place: $1,000

Game dynamics:

Coryat scores:

Austin Amy Ryan
$23,800 $18,600 -$200
24 R
(including 3 DDs),
0 W
22 R,
1 W
10 R,
6 W

Combined Coryat: $42,200

The J! Archive is created by fans, for fans. The Jeopardy! game show and all elements thereof, including but not limited to copyright and trademark thereto, are the property of Jeopardy Productions, Inc. and are protected under law. This website is not affiliated with, sponsored by, or operated by Jeopardy Productions, Inc. Join the discussion at JBoard.tv.